LEADER 01648nam0 22003371i 450 001 UON00529979 005 20260313111003.271 010 $a978-88-04-73803-9 100 $a20251209d2021 |0itac50 ba 101 $aita$aGRC 102 $aIT 105 $a|||| ||||| 200 1 $aElena$fEuripide$ga cura di Barbara Castiglioni$gnota al testo e appendice metrica a cura di Liana Lomiento 210 $aMilano$cFondazione Lorenzo Valla ; Mondadori$d2021 215 $acx, 383 p.$d21 cm. - Traduzione italiana a fronte. 606 $aEuripide$3UONC026669$2FI 620 $aIT$dMilano$3UONL000005 676 $a882.0109351$cPoesia drammatica e letteratura drammatica greca classica. Origini-499. Specifici personaggi$v22 676 $a880.9$cLetteratura greca classica. Storia, descrizione, studi critici$v22 700 0$aEuripides$3UONV056502$0229973 702 1$aLomiento$bLiana$3UONV057329$4072 702 1$aCastiglioni$bBarbara$3UONV298352$4340 712 $aFondazione Lorenzo Valla$3UONV251103$4650 790 0$aEURIPIDE$zEuripides$3UONV056504 801 $aIT$bSOL$c20260320$gRICA 899 $aSIBA - SISTEMA BIBLIOTECARIO DI ATENEO E ARCHIVIO STORICO$2UONSI 912 $aUON00529979 950 $aSIBA - SISTEMA BIBLIOTECARIO DI ATENEO E ARCHIVIO STORICO$dSI T 1 LORACOLA 001 - SOPPALCO 2° PI$eSI 53972 5 001 - SOPPALCO 2° PI 951 $aSIBA - SISTEMA BIBLIOTECARIO DI ATENEO E ARCHIVIO STORICO$bSI2025933 1J 20251209DDT n°13 del 17/12/2025 996 $aElena$94544520 997 $aUNIOR